000 00308pam a2200133 a 4500
020 _c
041 _h
082 _a750
_bHOS
100 _aRanjit Hoskote .
245 _aSudhir Patwardhan The Complicit Observer
_hTextual Documents
260 _a[s.l]:
_b[s.n].
300 _a205:
_bHard.
930 _a7208
999 _c240998
_d240998